000 00516nam a22001697a 4500
005 20231107090625.0
008 231107b |||||||| |||| 00| 0 eng d
020 _a409020206
041 _aEnglish
082 _a346.47 COP
100 _aCopeling, AJC
_lEnglish
245 _aCopyright Law in South Africa /
_cAJC Copeling
260 _aDurban :
_bButterworth and Company Ltd,
_c1969
300 _bxiii, 380 pages ;
_c23 cm.
650 _aLegal practice
_bLaw
942 _cBK
_6ALISON_BN_VRIES
999 _c356
_d356